000
00289nam a22001337a 4500
008
181011b xxu||||| |||| 00| 0 eng d
020
_a
0391036718
041
_a
eng
080
_a
101
100
_a
24
101
_a
FIL
245
_a
Philosophy and Truth
_c
Nietzsche, F
942
_2
udc
_c
BK
999
_c
49425
_d
49425